[Event "4rd Memory of Nebesna Sotnya-2017 B"]
[Site "Lutsk"]
[Date "2017.02.17"]
[Round "9.5"]
[White "Mikhaletz, Lubomir"]
[Black "Shymanskyi, Oleksandr"]
[Result "1-0"]
[WhiteElo "2332"]
[BlackElo "2304"]
[PlyCount "51"]
[EventDate "2017.02.17"]
[EventType "swiss (blitz)"]
[EventRounds "15"]
[EventCountry "UKR"]

1. Nc3 d5 2. Nf3 c5 3. d4 Nf6 4. Bg5 cxd4 5. Qxd4 Nc6 6. Qh4 e6 7. O-O-O Bb4 8.
e4 Bxc3 9. bxc3 Qe7 10. Bxf6 gxf6 11. exd5 exd5 12. Bb5 Be6 13. Qa4 Rc8 14. Nd4
a6 15. Bxc6+ bxc6 16. Rhe1 Kf8 17. Nxe6+ fxe6 18. Qxa6 Kf7 19. Qe2 Qa3+ 20. Kd2
e5 21. Qh5+ Ke7 22. Re3 Rce8 23. Rg3 Kd8 24. Qf7 Qe7 25. Qh5 Qa3 26. Rb1 1-0

[Event "4rd Memory of Nebesna Sotnya-2017 B"]
[Site "Lutsk"]
[Date "2017.02.17"]
[Round "9.6"]
[White "Polyakov, Maxim"]
[Black "Bernadskiy, Vitaliy"]
[Result "0-1"]
[WhiteElo "2402"]
[BlackElo "2507"]
[PlyCount "116"]
[EventDate "2017.02.17"]
[EventType "swiss (blitz)"]
[EventRounds "15"]
[EventCountry "UKR"]

1. Nf3 e6 2. c4 d5 3. b3 d4 4. d3 Nc6 5. a3 a5 6. g3 h6 7. Bg2 Nf6 8. O-O Be7
9. e3 dxe3 10. fxe3 O-O 11. d4 Ne4 12. Qd3 Nd6 13. Bb2 f5 14. Nbd2 Bf6 15. e4
fxe4 16. Nxe4 Nxe4 17. Qxe4 Bd7 18. Rae1 Qe8 19. Bc1 Rd8 20. Bf4 Rc8 21. Bh3
Nd8 22. d5 Qe7 23. Bc1 Re8 24. Kg2 c6 25. dxe6 Nxe6 26. Qg6 Rcd8 27. Bxh6 Qxa3
28. Nh4 Nf8 29. Qh5 Qb2+ 30. Rf2 Bxh3+ 31. Kxh3 Qxf2 32. Rxe8 Rxe8 33. Qxe8
gxh6 34. Kg4 Bg7 35. Nf5 Qd2 36. Qc8 Qg5+ 37. Kf3 Qf6 38. g4 Qf7 39. Kg2 a4 40.
bxa4 Qxc4 41. Qxb7 Qxg4+ 42. Ng3 Qxa4 43. h4 Qxh4 44. Qxg7+ Kxg7 45. Nf5+ Kf6
46. Nxh4 Kg5 47. Nf3+ Kf4 48. Nd4 c5 49. Nb5 Ne6 50. Kh3 Kg5 51. Kg3 h5 52. Nd6
h4+ 53. Kf3 Nd4+ 54. Kg2 Kg4 55. Nc4 h3+ 56. Kf2 Kf4 57. Ne3 h2 58. Nd5+ Ke5
0-1

[Event "4rd Memory of Nebesna Sotnya-2017 B"]
[Site "Lutsk"]
[Date "2017.02.17"]
[Round "9.7"]
[White "Firman, Nazar"]
[Black "Bordovsky, Vladimir"]
[Result "1-0"]
[WhiteElo "2419"]
[BlackElo "2378"]
[PlyCount "50"]
[EventDate "2017.02.17"]
[EventType "swiss (blitz)"]
[EventRounds "15"]
[EventCountry "UKR"]

1. e4 e5 2. Nf3 Nc6 3. Bb5 d6 4. c3 Nf6 5. d3 Bd7 6. Nbd2 g6 7. Nf1 Bg7 8. Ng3
O-O 9. h3 a6 10. Ba4 b5 11. Bc2 d5 12. Bg5 Be6 13. O-O h6 14. Be3 Qd7 15. Bc5
Rfe8 16. a4 Kh7 17. b4 Qc8 18. Bb3 dxe4 19. dxe4 Bxb3 20. Qxb3 Kg8 21. Rfd1 Rd8
22. Rxd8+ Qxd8 23. Rd1 Qe8 24. Rd2 Nd7 25. Be3 Nb6 1-0

[Event "4rd Memory of Nebesna Sotnya-2017 B"]
[Site "Lutsk"]
[Date "2017.02.17"]
[Round "9.8"]
[White "Roshka, Yevgeniy"]
[Black "Razin, Vadim"]
[Result "0-1"]
[WhiteElo "2299"]
[BlackElo "2416"]
[PlyCount "66"]
[EventDate "2017.02.17"]
[EventType "swiss (blitz)"]
[EventRounds "15"]
[EventCountry "UKR"]

1. e4 e6 2. d3 d5 3. Nd2 Nf6 4. Ngf3 Nc6 5. g3 dxe4 6. dxe4 e5 7. Bg2 Bc5 8.
O-O O-O 9. c3 a5 10. Qc2 b6 11. Nc4 Ba6 12. Rd1 Qe7 13. Ne3 Rad8 14. Nd5 Nxd5
15. exd5 Nb8 16. Nh4 g6 17. Bh6 Rfe8 18. Re1 Nd7 19. Rad1 Qf6 20. a3 Bc8 21.
Nf3 Qf5 22. Qd2 e4 23. Nh4 Qh5 24. Rxe4 Rxe4 25. Bxe4 Nf6 26. Bf3 Bg4 27. Bxg4
Nxg4 28. Bg5 Re8 29. Rf1 Nxf2 30. Kg2 Ne4 31. Qf4 Nxg5 32. Nf3 Re2+ 33. Kh1
Nxf3 0-1

[Event "4rd Memory of Nebesna Sotnya-2017 B"]
[Site "Lutsk"]
[Date "2017.02.17"]
[Round "10.1"]
[White "Bortnyk, Mykola"]
[Black "Gritsak, Orest"]
[Result "1/2-1/2"]
[WhiteElo "2624"]
[BlackElo "2497"]
[PlyCount "132"]
[EventDate "2017.02.17"]
[EventType "swiss (blitz)"]
[EventRounds "15"]
[EventCountry "UKR"]

1. e4 c6 2. d4 d5 3. exd5 cxd5 4. c4 Nf6 5. Nc3 e6 6. Nf3 Bb4 7. cxd5 Nxd5 8.
Bd2 Nd7 9. Bd3 Bxc3 10. bxc3 O-O 11. O-O b6 12. Ng5 h6 13. Ne4 N7f6 14. Qf3
Nxe4 15. Qxe4 f5 16. Qf3 Bd7 17. Rfe1 Rc8 18. Rac1 Qf6 19. c4 Ne7 20. Bc3 Qf7
21. Bb4 Rfe8 22. Bd6 Ng6 23. d5 e5 24. Qh5 Qf6 25. c5 Nf4 26. Qf3 bxc5 27. Bxe5
Rxe5 28. Qxf4 Rce8 29. Red1 Qd6 30. g3 Kh8 31. Bf1 g5 32. Qc4 Rc8 33. Qc3 Kh7
34. Bg2 Re7 35. Re1 Rxe1+ 36. Rxe1 Re8 37. Rc1 Kg6 38. h4 Re2 39. Qh8 Re8 40.
h5+ Kxh5 41. Qg7 Qe7 42. Qc3 Kg6 43. Qxc5 Qxc5 44. Rxc5 a6 45. Bf1 Re1 46. Kg2
Ra1 47. Rc7 Bb5 48. Bxb5 axb5 49. Rc6+ Kg7 50. Rc2 Kf6 51. f4 gxf4 52. gxf4 Ke7
53. Rb2 Kd6 54. Rxb5 Rxa2+ 55. Kg3 Ra3+ 56. Kf2 Ra4 57. Ke3 Re4+ 58. Kf3 Rd4
59. Ke3 Re4+ 60. Kf3 Rd4 61. Rb6+ Kxd5 62. Rxh6 Rd3+ 63. Ke2 Ra3 64. Rb6 Ke4
65. Rb4+ Kd5 66. Kf2 Rc3 1/2-1/2

[Event "4rd Memory of Nebesna Sotnya-2017 B"]
[Site "Lutsk"]
[Date "2017.02.17"]
[Round "10.2"]
[White "Grekh, Andrey"]
[Black "Budnikov, Oleg"]
[Result "1/2-1/2"]
[WhiteElo "2347"]
[BlackElo "2418"]
[PlyCount "103"]
[EventDate "2017.02.17"]
[EventType "swiss (blitz)"]
[EventRounds "15"]
[EventCountry "UKR"]

1. e4 g6 2. d4 Bg7 3. Be3 d6 4. Nc3 a6 5. a4 Nf6 6. f3 O-O 7. Qd2 Nc6 8. h4 h5
9. Nh3 Bxh3 10. Rxh3 e5 11. d5 Nd4 12. Bxd4 exd4 13. Ne2 c5 14. dxc6 bxc6 15.
Nxd4 Qb6 16. Nb3 d5 17. e5 Rfe8 18. f4 Ng4 19. Qd4 Qc7 20. O-O-O f6 21. Rc3 Qd7
22. Qb6 fxe5 23. Rxc6 Rab8 24. Qxa6 Ne3 25. Re1 exf4 26. Bd3 Qe7 27. Rxg6 Qe5
28. Rxg7+ Qxg7 29. Qd6 Rf8 30. Rxe3 fxe3 31. Qxd5+ Rf7 32. Bc4 Re8 33. Qxf7+
Qxf7 34. Bxf7+ Kxf7 35. Kd1 Ke6 36. Ke2 Kd5 37. a5 Rg8 38. Kxe3 Rxg2 39. a6
Rxc2 40. a7 Rc8 41. Nd4 Ra8 42. Ne2 Rxa7 43. Nf4+ Ke5 44. Nxh5 Rb7 45. Nf4 Kf5
46. Nd3 Kg4 47. Kd4 Kxh4 48. b4 Kg5 49. Kc5 Kf6 50. b5 Ke6 51. Kc6 Rxb5 52.
Kxb5 1/2-1/2

[Event "4rd Memory of Nebesna Sotnya-2017 B"]
[Site "Lutsk"]
[Date "2017.02.17"]
[Round "10.3"]
[White "Bernadskiy, Vitaliy"]
[Black "Mikhaletz, Lubomir"]
[Result "1-0"]
[WhiteElo "2507"]
[BlackElo "2332"]
[PlyCount "64"]
[EventDate "2017.02.17"]
[EventType "swiss (blitz)"]
[EventRounds "15"]
[EventCountry "UKR"]

1. c4 Nc6 2. Nc3 Nf6 3. g3 d5 4. cxd5 Nxd5 5. Bg2 Nxc3 6. bxc3 e5 7. d3 Bc5 8.
Nf3 e4 9. dxe4 Qxd1+ 10. Kxd1 Be6 11. Kc2 h6 12. e3 O-O-O 13. Nd4 Ne5 14. f4
Nc4 15. Bf1 Nd6 16. Bd3 Bc4 17. e5 Bxd3+ 18. Kxd3 Ne8 19. Kc4 Bb6 20. a4 a6 21.
a5 Ba7 22. Ba3 f6 23. e6 Nd6+ 24. Kb3 Rhe8 25. Rhe1 Ne4 26. f5 c5 27. Nf3 h5
28. Rad1 Rxd1 29. Rxd1 Rd8 30. Rxd8+ Kxd8 31. Kc2 Nd6 32. Nh4 Nc4 1-0

[Event "4rd Memory of Nebesna Sotnya-2017 B"]
[Site "Lutsk"]
[Date "2017.02.17"]
[Round "10.4"]
[White "Razin, Vadim"]
[Black "Firman, Nazar"]
[Result "1/2-1/2"]
[WhiteElo "2416"]
[BlackElo "2419"]
[PlyCount "126"]
[EventDate "2017.02.17"]
[EventType "swiss (blitz)"]
[EventRounds "15"]
[EventCountry "UKR"]

1. d4 Nf6 2. Nf3 g6 3. Bg5 Bg7 4. Nbd2 O-O 5. e4 d6 6. c3 b6 7. Bd3 Bb7 8. O-O
h6 9. Bh4 e5 10. Re1 Nbd7 11. Qc2 Qe8 12. Rad1 Nh5 13. Nc4 Nf4 14. Bf1 a6 15.
dxe5 Nxe5 16. Nfxe5 dxe5 17. f3 Qe6 18. Ne3 b5 19. a4 Bc6 20. axb5 axb5 21. c4
b4 22. Nd5 Bxd5 23. cxd5 Qd7 24. Rc1 Rfc8 25. Qc4 Bf8 26. Bf2 Bd6 27. Ra1 Rcb8
28. Rec1 h5 29. Be3 Ra4 30. Rxa4 Qxa4 31. b3 Qa2 32. Bxf4 exf4 33. Qd4 Re8 34.
Qd3 Qa7+ 35. Kh1 Qf2 36. Qc2 Qe3 37. Rd1 Ra8 38. Bc4 Qc3 39. Qe2 Ra1 40. h3 Qd4
41. Rxa1 Qxa1+ 42. Kh2 Bc5 43. Qf1 Qd4 44. Qb1 Qf2 45. Qd1 Bd4 46. Kh1 Kg7 47.
Kh2 Kf6 48. Kh1 Ke5 49. Kh2 h4 50. Kh1 Kd6 51. Kh2 Bc3 52. Qc1 Qe3 53. Qd1 Be1
54. Qa1 Bg3+ 55. Kh1 Qc3 56. Qd1 f6 57. Qb1 Ke5 58. Qd1 Kd6 59. Qb1 Bf2 60. Qd1
Qe1+ 61. Qxe1 Bxe1 62. Kg1 Bc3 63. Kf1 Ke5 1/2-1/2

[Event "4rd Memory of Nebesna Sotnya-2017 B"]
[Site "Lutsk"]
[Date "2017.02.17"]
[Round "10.5"]
[White "Cherepov, Alexej"]
[Black "Alexikov, Alexander"]
[Result "0-1"]
[WhiteElo "2291"]
[BlackElo "2339"]
[PlyCount "54"]
[EventDate "2017.02.17"]
[EventType "swiss (blitz)"]
[EventRounds "15"]
[EventCountry "UKR"]

1. d4 Nf6 2. c4 g6 3. Nc3 Bg7 4. e4 d6 5. Bg5 h6 6. Bh4 c5 7. d5 O-O 8. Bd3 e6
9. Nge2 exd5 10. cxd5 Re8 11. a4 Na6 12. O-O Nb4 13. Bb1 b6 14. f3 Ba6 15. Nb5
Bxb5 16. axb5 Qc7 17. Qd2 Nd7 18. Rc1 Qb7 19. Bg3 Ne5 20. Nc3 a6 21. bxa6 Rxa6
22. Rxa6 Qxa6 23. Rd1 Qc4 24. Bf4 Kh7 25. Be3 Qb3 26. Bf2 Nc4 27. Qc1 Nxb2 0-1

[Event "4rd Memory of Nebesna Sotnya-2017 B"]
[Site "Lutsk"]
[Date "2017.02.17"]
[Round "10.6"]
[White "Onischuk, Vladimir"]
[Black "Galperin, Platon"]
[Result "1-0"]
[WhiteElo "2684"]
[BlackElo "2243"]
[PlyCount "109"]
[EventDate "2017.02.17"]
[EventType "swiss (blitz)"]
[EventRounds "15"]
[EventCountry "UKR"]

1. e4 c5 2. Nf3 e6 3. b3 Nc6 4. Bb2 a6 5. c4 d6 6. d4 cxd4 7. Nxd4 Qc7 8. Nc3
Nf6 9. Be2 Be7 10. O-O O-O 11. Rc1 Nxd4 12. Qxd4 Bd7 13. Rfd1 Bc6 14. Nd5 Qd8
15. Nxe7+ Qxe7 16. Qxd6 Qxd6 17. Rxd6 Nxe4 18. Rd3 Rfd8 19. Rcd1 Rxd3 20. Rxd3
f6 21. f3 Nc5 22. Rd2 e5 23. Kf2 Ne6 24. b4 Rd8 25. Rxd8+ Nxd8 26. b5 Bd7 27.
bxa6 bxa6 28. c5 Bb5 29. Bd1 Kf7 30. Bb3+ Ke7 31. a4 Bc6 32. Ba3 Ne6 33. Bc4 a5
34. Bb3 Nd4 35. Bd1 Ke6 36. Bb2 Kd5 37. Bc3 Kxc5 38. Bxa5 Kc4 39. Bd8 Nb3 40.
a5 Nc5 41. Be7 Kd5 42. Be2 Bb7 43. Bf8 Ne6 44. Ba3 Nc7 45. Ke3 Ba6 46. Bd1 Bc4
47. Bc2 Nb5 48. Bf8 Nd4 49. Be4+ Ke6 50. Bxg7 f5 51. Bb1 Nc6 52. g4 f4+ 53. Kf2
Nxa5 54. Bxh7 Nc6 55. Bg8+ 1-0

[Event "4rd Memory of Nebesna Sotnya-2017 B"]
[Site "Lutsk"]
[Date "2017.02.17"]
[Round "10.7"]
[White "Solovchuk, Alexey"]
[Black "Kislinsky, Alexey"]
[Result "0-1"]
[WhiteElo "2356"]
[BlackElo "2590"]
[PlyCount "78"]
[EventDate "2017.02.17"]
[EventType "swiss (blitz)"]
[EventRounds "15"]
[EventCountry "UKR"]

1. c4 g6 2. Nc3 Bg7 3. g3 d6 4. Bg2 e5 5. d3 Ne7 6. e4 O-O 7. Nge2 Nd7 8. O-O
c6 9. Be3 a6 10. f4 exf4 11. gxf4 f5 12. Qd2 Nf6 13. h3 Be6 14. b3 Qd7 15. e5
Nh5 16. d4 Bf7 17. Rad1 Rad8 18. Bf3 Kh8 19. Qe1 b5 20. cxb5 axb5 21. Qf2 b4
22. Na4 Nd5 23. Bc1 Qe7 24. Bg2 Bh6 25. Rd3 Rg8 26. Kh1 Qb7 27. exd6 Rxd6 28.
Nc5 Qe7 29. Rf3 Re8 30. Nd3 Qxe2 31. Ne5 Qxf2 32. R3xf2 Bg8 33. Kg1 Bg7 34. Rc2
Nc3 35. a3 Rxd4 36. axb4 Ne4 37. Rxc6 Nhg3 38. Re1 Rxb4 39. Be3 Rxb3 0-1

[Event "4rd Memory of Nebesna Sotnya-2017 B"]
[Site "Lutsk"]
[Date "2017.02.17"]
[Round "10.8"]
[White "Shymanskyi, Oleksandr"]
[Black "Matviishen, Viktor"]
[Result "1/2-1/2"]
[WhiteElo "2304"]
[BlackElo "2375"]
[PlyCount "110"]
[EventDate "2017.02.17"]
[EventType "swiss (blitz)"]
[EventRounds "15"]
[EventCountry "UKR"]

1. b3 d5 2. Bb2 Bg4 3. g3 e6 4. Bg2 Nf6 5. c4 c6 6. d3 Be7 7. Nf3 Nbd7 8. O-O
O-O 9. Qc2 h6 10. e4 dxe4 11. dxe4 Nc5 12. Ne5 Bh5 13. b4 Ncd7 14. Nd3 Bg6 15.
Nc3 a5 16. a3 Nb6 17. Ne5 Bh7 18. c5 Nbd7 19. Rad1 Qc7 20. Nxd7 Nxd7 21. f4 b6
22. Na4 axb4 23. axb4 bxc5 24. Nxc5 Nxc5 25. bxc5 Rfd8 26. Be5 Qa7 27. Rc1 Qa3
28. Kh1 Qe3 29. Rfe1 Qd2 30. Qxd2 Rxd2 31. Bc3 Rf2 32. Bd4 Rd2 33. Be3 Rb2 34.
Rb1 Rxb1 35. Rxb1 Ra4 36. Rb8+ Bf8 37. e5 Be4 38. Bxe4 Rxe4 39. Bf2 g5 40. fxg5
hxg5 41. Rc8 Rxe5 42. Rxc6 Re2 43. Kg2 g4 44. Kf1 Rc2 45. Rc8 e5 46. c6 Kg7 47.
c7 Bd6 48. Bb6 e4 49. Re8 Bxc7 50. Bxc7 Rxc7 51. Rxe4 f5 52. Re6 Rc2 53. Kg1
Kf7 54. Ra6 Rd2 55. Rb6 Kg7 1/2-1/2

[Event "4rd Memory of Nebesna Sotnya-2017 B"]
[Site "Lutsk"]
[Date "2017.02.17"]
[Round "11.1"]
[White "Gritsak, Orest"]
[Black "Grekh, Andrey"]
[Result "1/2-1/2"]
[WhiteElo "2497"]
[BlackElo "2347"]
[PlyCount "78"]
[EventDate "2017.02.17"]
[EventType "swiss (blitz)"]
[EventRounds "15"]
[EventCountry "UKR"]

1. Nf3 Nf6 2. c4 e6 3. g3 b6 4. Bg2 Bb7 5. O-O Be7 6. Nc3 O-O 7. b3 c5 8. Bb2
Nc6 9. d4 cxd4 10. Nxd4 a6 11. Rc1 Rc8 12. Qd2 Nxd4 13. Bxb7 Rc7 14. Bxa6 e5
15. Nb5 Nxb5 16. Bxb5 d6 17. a4 Qa8 18. Rfd1 h6 19. Ra1 Rd8 20. a5 bxa5 21.
Qxa5 Qb8 22. Qd2 Ne4 23. Qd5 Nc5 24. b4 Ne6 25. e3 Bf8 26. Ra6 Rcc8 27. Ra5 Nc7
28. Qd3 d5 29. Qe2 Bxb4 30. Ra4 Nxb5 31. cxb5 Bc5 32. Ba3 Bxa3 33. Rxa3 Rc5 34.
Rb3 Qb6 35. Rdb1 Rdc8 36. R3b2 d4 37. exd4 exd4 38. Qe4 Rd8 39. Rb3 Rc3 1/2-1/2

[Event "4rd Memory of Nebesna Sotnya-2017 B"]
[Site "Lutsk"]
[Date "2017.02.17"]
[Round "11.2"]
[White "Bernadskiy, Vitaliy"]
[Black "Bortnyk, Mykola"]
[Result "1/2-1/2"]
[WhiteElo "2507"]
[BlackElo "2624"]
[PlyCount "105"]
[EventDate "2017.02.17"]
[EventType "swiss (blitz)"]
[EventRounds "15"]
[EventCountry "UKR"]

1. d4 Nf6 2. c4 d6 3. Nf3 Nbd7 4. Nc3 e5 5. e4 Be7 6. Be2 O-O 7. O-O c6 8. Qc2
Qc7 9. Rd1 a6 10. Bg5 Re8 11. Rac1 Nf8 12. b4 Bg4 13. dxe5 dxe5 14. c5 Ne6 15.
Be3 Rad8 16. Rxd8 Rxd8 17. Rd1 Bxf3 18. Rxd8+ Qxd8 19. Bxf3 Nd4 20. Qd1 a5 21.
a3 Nxf3+ 22. gxf3 Qxd1+ 23. Nxd1 axb4 24. axb4 Nd7 25. Nb2 Bd8 26. f4 exf4 27.
Bxf4 Bf6 28. Nc4 Bc3 29. Bd2 Bxd2 30. Nxd2 Ne5 31. Nb3 Nd3 32. Na5 Nxb4 33.
Nxb7 Kf8 34. Kf1 Ke7 35. Ke2 Ke6 36. Nd8+ Ke5 37. Nxf7+ Kxe4 38. Ng5+ Kf5 39.
Nxh7 Na6 40. h4 Nxc5 41. Ng5 Ne4 42. Nf7 c5 43. Ke3 Nf6 44. f3 Nd5+ 45. Kd3 Nb6
46. Ng5 g6 47. Ne4 Nd7 48. Ng3+ Kf4 49. h5 gxh5 50. Nxh5+ Kxf3 51. Kc4 Kg4 52.
Nf6+ Nxf6 53. Kxc5 1/2-1/2

[Event "4rd Memory of Nebesna Sotnya-2017 B"]
[Site "Lutsk"]
[Date "2017.02.17"]
[Round "11.3"]
[White "Budnikov, Oleg"]
[Black "Alexikov, Alexander"]
[Result "0-1"]
[WhiteElo "2418"]
[BlackElo "2339"]
[PlyCount "117"]
[EventDate "2017.02.17"]
[EventType "swiss (blitz)"]
[EventRounds "15"]
[EventCountry "UKR"]

1. Nf3 g6 2. d4 Bg7 3. c4 Nf6 4. Nc3 d6 5. e4 O-O 6. Be2 e5 7. d5 a5 8. O-O Na6
9. Qc2 Bd7 10. Bg5 h6 11. Be3 Ng4 12. Bd2 f5 13. Ne1 Nf6 14. f3 f4 15. Nd3 g5
16. Be1 h5 17. Bf2 b6 18. a3 Nc5 19. b4 Nxd3 20. Bxd3 Qe7 21. c5 bxc5 22. bxc5
Qf7 23. Bb5 Bc8 24. Bc6 Rb8 25. Rab1 Rxb1 26. Rxb1 g4 27. cxd6 cxd6 28. Nb5 Qg6
29. Kh1 Kh7 30. Nxd6 Rg8 31. Nxc8 Rxc8 32. Rb7 Rg8 33. d6 Kh8 34. Qe2 Bf8 35.
d7 Bxa3 36. Bb6 Be7 37. Bxa5 gxf3 38. Qxf3 Ng4 39. Bd5 Qa6 40. Bxg8 Qxb7 41.
Qb3 Qxd7 42. h3 Nf2+ 43. Kh2 Nxe4 44. Qf7 Nf6 45. Bc3 Qd3 46. Qc4 Qg3+ 47. Kh1
f3 48. gxf3 Nxg8 49. Qe4 Bf6 50. h4 Qxh4+ 51. Qxh4 Bxh4 52. Bxe5+ Kh7 53. Kg2
Kg6 54. Kh3 Bg5 55. f4 Bf6 56. Kg3 Bxe5 57. fxe5 Nh6 58. Kf4 Nf5 59. e6 0-1

[Event "4rd Memory of Nebesna Sotnya-2017 B"]
[Site "Lutsk"]
[Date "2017.02.17"]
[Round "11.4"]
[White "Firman, Nazar"]
[Black "Onischuk, Vladimir"]
[Result "1-0"]
[WhiteElo "2419"]
[BlackElo "2684"]
[PlyCount "60"]
[EventDate "2017.02.17"]
[EventType "swiss (blitz)"]
[EventRounds "15"]
[EventCountry "UKR"]

1. e4 d6 2. d4 Nf6 3. Nc3 g6 4. Be3 a6 5. f3 b5 6. Qd2 Nbd7 7. Nh3 Bb7 8. Nf2
Bg7 9. Be2 e5 10. d5 Rc8 11. a4 b4 12. Na2 a5 13. c3 Nc5 14. Rd1 b3 15. Nc1
Nfd7 16. Bb5 O-O 17. c4 Ra8 18. Nfd3 Nxd3+ 19. Qxd3 f5 20. O-O f4 21. Bf2 g5
22. Nxb3 Nf6 23. g4 h5 24. h3 Bc8 25. Qe2 Kf7 26. Kg2 Rh8 27. Rh1 Rh6 28. c5
Qh8 29. Nd2 Bf8 30. Nc4 Be7 1-0

[Event "4rd Memory of Nebesna Sotnya-2017 B"]
[Site "Lutsk"]
[Date "2017.02.17"]
[Round "11.5"]
[White "Kislinsky, Alexey"]
[Black "Razin, Vadim"]
[Result "0-1"]
[WhiteElo "2590"]
[BlackElo "2416"]
[PlyCount "70"]
[EventDate "2017.02.17"]
[EventType "swiss (blitz)"]
[EventRounds "15"]
[EventCountry "UKR"]

1. e4 e6 2. d4 d5 3. Nd2 Nc6 4. Ngf3 Nf6 5. e5 Nd7 6. c3 f6 7. exf6 Qxf6 8. Bd3
Bd6 9. O-O O-O 10. Re1 Kh8 11. Qb3 Nb6 12. Nf1 h6 13. Ne3 Bd7 14. Ng4 Qe7 15.
Nfe5 Nxe5 16. Nxe5 Rf6 17. Qd1 Raf8 18. Be3 Be8 19. Qg4 Nd7 20. f4 c5 21. Bd2
cxd4 22. cxd4 Bb4 23. Bc3 Rxf4 24. Qg3 Nxe5 25. Rxe5 Bd6 26. Rae1 Bxe5 27. Rxe5
Qf6 28. h3 a6 29. Bd2 Rxd4 30. Bc3 Qf4 31. Bxd4 Qxg3 32. Re3 Qf4 33. Bc5 b6 34.
Rf3 Qc1+ 35. Kh2 Rxf3 0-1

[Event "4rd Memory of Nebesna Sotnya-2017 B"]
[Site "Lutsk"]
[Date "2017.02.17"]
[Round "11.6"]
[White "Mirzoev, Emil"]
[Black "Matviishen, Viktor"]
[Result "1-0"]
[WhiteElo "2463"]
[BlackElo "2375"]
[PlyCount "73"]
[EventDate "2017.02.17"]
[EventType "swiss (blitz)"]
[EventRounds "15"]
[EventCountry "UKR"]

1. d4 Nf6 2. c4 e6 3. Nc3 Bb4 4. a3 Bxc3+ 5. bxc3 b6 6. f3 O-O 7. e4 d6 8. Bd3
c5 9. Nh3 Nc6 10. Be3 Na5 11. f4 e5 12. O-O Bxh3 13. gxh3 Qc7 14. fxe5 dxe5 15.
Kh1 Kh8 16. Qf3 cxd4 17. cxd4 Nb3 18. dxe5 Qxe5 19. Rae1 Nc5 20. Bb1 Rfe8 21.
Bf4 Qh5 22. Qg2 Qg6 23. Qf3 Qh5 24. Qg2 Qg6 25. Bg3 Nfxe4 26. Qf3 f5 27. Bf4
Qf6 28. Bc1 Rad8 29. Qg2 Qg6 30. Qf3 Qf6 31. Rg1 Qd4 32. Ref1 Nd2 33. Bxd2 Qxd2
34. Qxf5 Nd3 35. Rg2 Qe3 36. h4 Re7 37. Qf8+ 1-0

[Event "4rd Memory of Nebesna Sotnya-2017 B"]
[Site "Lutsk"]
[Date "2017.02.17"]
[Round "11.7"]
[White "Mikhaletz, Lubomir"]
[Black "Reshetkov, Kirill"]
[Result "1-0"]
[WhiteElo "2332"]
[BlackElo "2463"]
[PlyCount "79"]
[EventDate "2017.02.17"]
[EventType "swiss (blitz)"]
[EventRounds "15"]
[EventCountry "UKR"]

1. Nc3 e5 2. Nf3 Nc6 3. d4 exd4 4. Nxd4 Bb4 5. Nxc6 bxc6 6. Qd4 Bxc3+ 7. Qxc3
Nf6 8. Bg5 Qe7 9. Bxf6 Qxf6 10. Qxf6 gxf6 11. g3 d6 12. Bg2 Bd7 13. O-O-O Rb8
14. Rd3 Rb5 15. Ra3 a5 16. Rd1 Ke7 17. Rd4 Rhb8 18. b3 Rb4 19. e3 Rxd4 20. exd4
Rb5 21. f4 Rh5 22. h4 Rh6 23. f5 Bxf5 24. Rxa5 Bd7 25. Ra7 Rg6 26. Rxc7 Kd8 27.
Ra7 Rxg3 28. Be4 f5 29. Bd3 f4 30. a4 f3 31. Kd2 f2 32. Ke2 Rg2 33. Kf3 Rh2 34.
Kg3 Rh3+ 35. Kxf2 Rxh4 36. a5 Rxd4 37. a6 Rd5 38. b4 Rh5 39. Rxd7+ Kxd7 40. a7
1-0

[Event "4rd Memory of Nebesna Sotnya-2017 B"]
[Site "Lutsk"]
[Date "2017.02.17"]
[Round "11.8"]
[White "Omelja, Artem"]
[Black "Nedilko, Vasily"]
[Result "1/2-1/2"]
[WhiteElo "2405"]
[BlackElo "2160"]
[PlyCount "147"]
[EventDate "2017.02.17"]
[EventType "swiss (blitz)"]
[EventRounds "15"]
[EventCountry "UKR"]

1. Nf3 Nf6 2. c4 g6 3. Nc3 d5 4. cxd5 Nxd5 5. Qb3 Nb6 6. d4 Bg7 7. e4 O-O 8.
Be3 Bg4 9. Rd1 Nc6 10. d5 Ne5 11. Be2 Nxf3+ 12. gxf3 Bh5 13. f4 Bxe2 14. Kxe2
Qc8 15. h3 c6 16. e5 cxd5 17. Bxb6 axb6 18. Nxd5 Qe6 19. Rd3 Bh6 20. Kf3 Kg7
21. a3 Qf5 22. Qc4 Rac8 23. Qe4 Qxe4+ 24. Kxe4 Rc4+ 25. Rd4 Rxd4+ 26. Kxd4 e6
27. Nxb6 Bxf4 28. Ke4 g5 29. Rd1 Re8 30. Rd7 h5 31. b4 h4 32. a4 Bc1 33. Rxb7
Rd8 34. Nd7 Rc8 35. Nc5 Ba3 36. Nxe6+ Kg6 37. Nd4 Rc4 38. a5 Bxb4 39. Kd5 Rc5+
40. Ke4 Bxa5 41. e6 f5+ 42. Kd3 Re5 43. Ra7 Bb6 44. Ra6 Bxd4 45. Kxd4 Re4+ 46.
Kd5 Kf6 47. Rb6 Re5+ 48. Kd4 Rxe6 49. Rb2 Re4+ 50. Kd3 Ke5 51. f3 Ra4 52. Ke3
Ra3+ 53. Kf2 Kf4 54. Rb4+ Ke5 55. Rb5+ Kf6 56. Rb6+ Kg7 57. Rb7+ Kg6 58. Rb6+
Kh5 59. Rb2 Rc3 60. Ra2 Rc1 61. Kg2 Rc6 62. Rb2 Kg6 63. Ra2 Kf6 64. Kf2 Rc5 65.
Rb2 Ke5 66. Ra2 Rc4 67. Rb2 Kf4 68. Ra2 Rb4 69. Rc2 Rd4 70. Ra2 g4 71. fxg4
fxg4 72. hxg4 Kxg4 73. Kg2 Rf4 74. Kh2 1/2-1/2

[Event "4rd Memory of Nebesna Sotnya-2017 B"]
[Site "Lutsk"]
[Date "2017.02.17"]
[Round "12.2"]
[White "Alexikov, Alexander"]
[Black "Bernadskiy, Vitaliy"]
[Result "1-0"]
[WhiteElo "2339"]
[BlackElo "2507"]
[PlyCount "119"]
[EventDate "2017.02.17"]
[EventType "swiss (blitz)"]
[EventRounds "15"]
[EventCountry "UKR"]

1. e4 g6 2. d4 Bg7 3. Nf3 d6 4. c3 Nf6 5. Bd3 O-O 6. O-O c5 7. Bg5 cxd4 8. cxd4
Nc6 9. Nc3 Bg4 10. Be2 Nd7 11. Be3 e5 12. d5 Bxf3 13. dxc6 Bxe2 14. Nxe2 Nf6
15. cxb7 Rb8 16. Nc3 Rxb7 17. b3 Qa5 18. Qd3 Rc8 19. Bd2 Qb6 20. Rac1 Rbc7 21.
h3 Qd4 22. Qxd4 exd4 23. Nd5 Nxd5 24. exd5 d3 25. Rxc7 Rxc7 26. Rd1 Rc5 27. Be3
Rxd5 28. Bxa7 Ra5 29. Be3 Rxa2 30. Rxd3 Ra1+ 31. Kh2 Rb1 32. g4 h6 33. Kg2 Bf8
34. h4 f6 35. h5 gxh5 36. gxh5 Kf7 37. Kf3 Ke6 38. Bf4 d5 39. Kg4 Rg1+ 40. Bg3
Bd6 41. Re3+ Kf7 42. Kf5 d4 43. Rd3 Bxg3 44. fxg3 Rf1+ 45. Ke4 Rh1 46. g4 Rh4
47. Kf5 Rh1 48. Rxd4 Rf1+ 49. Ke4 Rg1 50. Kd5 f5 51. gxf5 Kf6 52. b4 Rg5 53.
Kc6 Rxf5 54. Rd6+ Kg7 55. Rd5 Rf1 56. b5 Kf6 57. b6 Ke6 58. Rd6+ Ke5 59. Rxh6
Rc1+ 60. Kd7 1-0

[Event "4rd Memory of Nebesna Sotnya-2017 B"]
[Site "Lutsk"]
[Date "2017.02.17"]
[Round "12.3"]
[White "Bortnyk, Mykola"]
[Black "Firman, Nazar"]
[Result "1-0"]
[WhiteElo "2624"]
[BlackElo "2419"]
[PlyCount "59"]
[EventDate "2017.02.17"]
[EventType "swiss (blitz)"]
[EventRounds "15"]
[EventCountry "UKR"]

1. e4 d6 2. d4 Nf6 3. Nc3 g6 4. h3 Bg7 5. g4 c5 6. Nge2 cxd4 7. Nxd4 Nc6 8. Be3
O-O 9. Bg2 Ne5 10. b3 Bd7 11. O-O Rc8 12. Qd2 a6 13. Nce2 b5 14. Ng3 Qc7 15. f4
Nc6 16. c3 e5 17. Nde2 exf4 18. Nxf4 Be6 19. Rad1 Ne5 20. Nxe6 fxe6 21. Qxd6
Qxd6 22. Rxd6 Rxc3 23. Bd4 Rxg3 24. Bxe5 Re3 25. Rxe6 Ne8 26. Rxf8+ Kxf8 27.
Rxe8+ Kxe8 28. Bxg7 Re2 29. a4 Rb2 30. Bxb2 1-0

[Event "4rd Memory of Nebesna Sotnya-2017 B"]
[Site "Lutsk"]
[Date "2017.02.17"]
[Round "12.4"]
[White "Grekh, Andrey"]
[Black "Polyakov, Maxim"]
[Result "0-1"]
[WhiteElo "2347"]
[BlackElo "2402"]
[PlyCount "86"]
[EventDate "2017.02.17"]
[EventType "swiss (blitz)"]
[EventRounds "15"]
[EventCountry "UKR"]

1. e4 e6 2. d4 d5 3. Nd2 dxe4 4. Nxe4 Bd7 5. Nf3 Bc6 6. Bd3 Nd7 7. O-O Be7 8.
c3 Ngf6 9. Ng3 O-O 10. Re1 Bxf3 11. Qxf3 c6 12. Bg5 Qa5 13. Bd2 Rfe8 14. c4 Qc7
15. Bc3 a5 16. b3 Bb4 17. Bc2 Bxc3 18. Qxc3 c5 19. Rad1 Rad8 20. Ne4 Nxe4 21.
Bxe4 Nf6 22. Bf3 b6 23. h3 h6 24. Rd2 Rxd4 25. Rxd4 cxd4 26. Qxd4 Rd8 27. Qe3
Nd7 28. Rd1 Nc5 29. Rxd8+ Qxd8 30. a3 Qd6 31. Qc3 Nd3 32. Be4 Nf4 33. Qb2 Qd1+
34. Kh2 Ne2 35. h4 Qg1+ 36. Kh3 Qh1+ 37. Kg4 f5+ 38. Kf3 Ng1+ 39. Kg3 fxe4 40.
Qd2 g5 41. Qd8+ Kf7 42. Qd7+ Kf6 43. Qd4+ Kf5 0-1